Normal view
MARC view
- Social justice and education
Entry Topical Term
001 - CONTROL NUMBER
- control field: 118059
003 - CONTROL NUMBER IDENTIFIER
- control field: NUST
005 - DATE AND TIME OF LATEST TRANSACTION
- control field: 20230920184254.0
008 - FIXED-LENGTH DATA ELEMENTS
- fixed length control field: 230920|| aca||aabn | a|a d
040 ## - CATALOGING SOURCE
- Original cataloging agency: NUST
- Transcribing agency: NUST
150 ## - HEADING--TOPICAL TERM
- Topical term or geographic name entry element: Social justice and education
- Topical term or geographic name entry element: Education, Higher--Administration
- Topical term or geographic name entry element: Educational equalization
670 ## - SOURCE DATA FOUND
- Source citation: Work cat.: (NUST): Kezar, Adrianna J. & Julie Posselt (Editors) 118058, Higher education administration for social justice and equity :, 2020.
